Statistiques concernant Les meilleur episode des simpson (selon simpsons park)

Cliquez ici pour prendre le quiz!

Statistiques générales

  • Ce quiz a été pris 4 fois
  • Le résultat moyen est 4 sur 50

Statistiques - réponses

Saison Episode % Correct
Saison 9Homer contre New York
100%
Saison 5Simpson Horror Show IV
50%
Saison 5Lac Terreur
50%
Saison 6Simpson Horror Show V
50%
Saison 6Homer le grand
50%
Saison 8Homer, le baron de la bière
50%
Saison 5Homer dans l'espace
0%
Saison 5Homer aime Flanders
0%
Saison 4Oh la crise... cardiaque !
0%
Saison 5Scout un jour,Scout pour toujour
0%
Saison 4Monsieur chasse neige
0%
Saison 5L'heritier de Mr Burns
0%
Saison 13La vielle peur d'Homer
0%
Saison 5Faux permis, vrais ennuis
0%
Saison 10Homer garde du corps
0%
Saison 8Une crise de Ned
0%
Saison 27Halloween d'horreur
0%
Saison 6Pervers Homer
0%
Saison 5L'enfer du jeu
0%
Saison 4Le monorail
0%
Saison 10Beau comme un camion
0%
Saison 5Le garçon qui en savait trop
0%
Saison 5Erreur sur la ville
0%
Saison 9Fout de Foot
0%
Saison 10Le pires du soleil levant
0%
Saison 10La dernier invention d'homer
0%
Saison 7Lisa la végétarienne
0%
Saison 17L'Histoire apparamment sans fin
0%
Saison 4Homer l'hérétique
0%
Saison 19Soupçon
0%
Saison 5Rosebud
0%
Saison 23Le futur passé
0%
Saison 8Un monde trop parfait
0%
Saison 3Le petit parrain
0%
Saison 6Qui a tiré sur Mr Bruns (partie 1)
0%
Saison 8L'ennemi d'Homer
0%
Saison 4Grève a la centrale
0%
Saison 8Aux frontière du réel
0%
Saison 12Triple erreur
0%
Saison 7Un super big Homer
0%
Saison 3Homer la foudre
0%
Saison 8La Montagne en folie
0%
Saison 6Le citron de la discorde
0%
Saison 6Homer le clown
0%
Saison 6Bart des ténèbres
0%
Saison 7Vignt deux courts métrage a Springfield
0%
Saison 1824 Minutes
0%
Saison 7Homer fait son Smithers
0%
Saison 2Un poisso nommé Fugu
0%
Saison 3Un puits de mensonges
0%

Distribution des résultats

Percentile by Number Answered

% des personnes avec chaque résultat

Votre développement - résultats

Vous n’avez pas pris ce quiz